Essentials of marketing : (رقم التسجيلة. 26599)
[ عرض عادي ]
| 000 -الفاتح | |
|---|---|
| حقل البيانات ثابتة الطول | 01192cam a2200325 a 4500 |
| 001 - رقم الضبط | |
| رقم الضبط | 16860764 |
| 003 - محدد رقم الضبط | |
| رقم الضبط | OSt |
| 005 - وقت وتاريخ اخر تعامل مع التسجيلة | |
| رقم الضبط | 20150408114106.0 |
| 008 - عناصر البيانات ثابتة الطول - معلومات عامة | |
| حقل البيانات ثابتة الطول | 110707s2012 nyua b 001 0 eng |
| 010 ## - رقم ضبط مكتبة الكونجرس | |
| رقم ضبط مكتبة الكونجرس | 2011027873 |
| 020 ## - الرقم الدولى المعيارى للكتب | |
| الرقم الدولى المعيارى للكتاب | 9780078028885 (acidfree paper) |
| 020 ## - الرقم الدولى المعيارى للكتب | |
| الرقم الدولى المعيارى للكتاب | 9780071317023 |
| 020 ## - الرقم الدولى المعيارى للكتب | |
| الرقم الدولى المعيارى للكتاب | 0078028884 (acidfree paper) |
| 040 ## - مصدر الفهرسة | |
| وكالة الفهرسة الأصلية | DLC |
| وكالة النسخ | DLC |
| وكالة التعديل | DLC |
| 042 ## - رمز التحقق | |
| رمز التحقق | pcc |
| 050 00 - رقم طلب مكتبة الكونجرس | |
| رقم التصنيف | HF5415 |
| رقم المادة | .M378 2012 |
| 082 00 - رقم تصنيف ديوى العشرى | |
| رقم التصنيف | 358.8 |
| رقم الطبعة | 23 |
| رقم المادة | PWE |
| 100 1# - المدخل الرئيسى - إسم شخصى | |
| الإسم الشخصى | Perreault, William D. |
| 9 (RLIN) | 18891 |
| 245 10 - بيان العنوان | |
| العنوان | Essentials of marketing : |
| بقية العنوان | a marketing strategy planning approach / |
| بيان المسئوليه,etc | William D. Perreault, Jr., Joseph P. Cannon, E. Jerome McCarthy. |
| 250 ## - بيان الطبعة | |
| بيان الطبعة | 13th ed. |
| 260 ## - PUBLICATION, DISTRIBUTION, ETC. (IMPRINT) | |
| مكان الناشر او الموزع | New York, NY : |
| اسم الناشر او الموزع | McGraw-Hill/Irwin, |
| تاريخ النشر أو التوزيع | c2012. |
| 300 ## - الوصف المادى | |
| التعداد | xl, 640, 32, 10 p. : |
| تفاصيل ماديه اخرى للوعاء | col. ill. ; |
| أبعاد الوعاء | 28 cm. |
| 504 ## - تبصرة ببليوجرافية | |
| تبصرة ببليوجرافية,الخ | Includes bibliographical references and indexes. |
| 650 #0 - المدخل الاضافى بالموضوع-مصطلح موضوعى | |
| مصطلح موضوعي أو اسم جغرافي كعنصر مدخل | Marketing. |
| 700 1# - المدخل الاضافى - اسم شخصى | |
| الإسم الشخصى | Cannon, Joseph P., |
| العنوان والكلمات الأخرى المصاحبة للاسم | Ph. D. |
| 9 (RLIN) | 18892 |
| 700 1# - المدخل الاضافى - اسم شخصى | |
| الإسم الشخصى | McCarthy, E. Jerome |
| الشكل الأكمل للاسم | (Edmund Jerome) |
| 9 (RLIN) | 18893 |
| 906 ## - عنصر بيانات محلى F, LDF (RLIN) | |
| a | 7 |
| b | cbc |
| c | orignew |
| d | 1 |
| e | ecip |
| f | 20 |
| g | y-gencatlg |
| 942 ## - عناصر المدخل الإضافي( كوها) | |
| مصدر التصنيف او مخطط الترفيف | Dewey Decimal Classification |
| Koha [default] item type | DVD |
| حالة الفقد | نموذج السعر الفعال | حالة تلف | ليس للاعارة | رقم الطلب | تاريخ الاكتساب | الموقع الحالي | الباركود | الفرع الرئيسي | Date last seen | نوع المادة فى نظام كوها | مصدر التصنيف او خطة الترفيف | Total Checkouts |
|---|---|---|---|---|---|---|---|---|---|---|---|---|
| 2013-03-10 | 358.8 PWE | 2012-12-27 | المكتبة المركزية بالمجمعة (CL) | 00400637 | المكتبة المركزية بالمجمعة (CL) | 2013-03-10 | كتاب | Dewey Decimal Classification | ||||
| 2013-03-10 | 358.8 PWE | 2012-12-27 | المكتبة المركزية بالمجمعة (CL) | 00400638 | المكتبة المركزية بالمجمعة (CL) | 2013-03-10 | كتاب | Dewey Decimal Classification | ||||
| 2013-03-10 | 358.8 PWE | 2012-12-27 | المكتبة المركزية بالمجمعة (CL) | 00400639 | المكتبة المركزية بالمجمعة (CL) | 2013-03-10 | كتاب | Dewey Decimal Classification |
